00354pab a2200133 454500008003900000100002300039245005000062260000800112300001300120362000800133650003900141650002800180773001200208180718bDec xxu||||| |||| 00| 0 eng d aRais, Rasul Bakhsh aWill Nawaz Sharif's third tenure be different cDec ap.14-19. aDec aPakistan - Politics and government aPolitics and government aSeminar